Salta al contenuto

Карбоновые кислоты и их функциональные производные учебное пособие

Учебное пособие подготовлено в соответствии с требованиями ФГОС ВО 3++, ООП, РП по специальности 33.05.01 Фармация для изучения дисциплины «Органическая химия» на основании рабочих программ (2021г.) и действующего учебного плана (2021г.). В пособии излагаются современные данные по химии карбоновых к...

Descrizione completa

Salvato in:
Dettagli Bibliografici
Autore principale: Шумадалова А. В.
Altri autori: Мунасипова Д. А., Мещерякова С. А.
Natura: Книга
Lingua:Russian
Pubblicazione: Уфа БГМУ 2022
Accesso online:https://e.lanbook.com/book/320654
https://e.lanbook.com/img/cover/book/320654.jpg
Tags: Aggiungi Tag
Nessun Tag, puoi essere il primo ad aggiungerne! !
LEADER 02338nam0a2200289 i 4500
001 320654
003 RuSpLAN
005 20240216150941.0
008 240216s2022 ru gs 000 0 rus
040 |a RuSpLAN 
041 0 |a rus 
044 |a ru 
080 |a 54.04 
084 |a 24.1  |2 rubbk 
245 0 0 |a Карбоновые кислоты и их функциональные производные  |b учебное пособие  |c Шумадалова А. В.,Мунасипова Д. А.,Мещерякова С. А. 
260 |a Уфа  |b БГМУ  |c 2022 
300 |a 80 с. 
504 |a Библиогр.: доступна в карточке книги, на сайте ЭБС Лань 
520 8 |a Учебное пособие подготовлено в соответствии с требованиями ФГОС ВО 3++, ООП, РП по специальности 33.05.01 Фармация для изучения дисциплины «Органическая химия» на основании рабочих программ (2021г.) и действующего учебного плана (2021г.). В пособии излагаются современные данные по химии карбоновых кислот и их функциональных производных. Рассмотрена их классификация, номенклатура, получение, химические свойства. Пособие оснащено информационными блоками, вопросами, тестами, заданиями в виде комплексных задач и примерами решений по всем разделам карбоновых кислот. Предназначено для самостоятельной контактной и внеауди-торной работы обучающихся по специальности 33.05.01 Фармация. 
521 8 |a Книга из коллекции БГМУ - Медицина 
521 8 |a СЭБ 
100 1 |a Шумадалова А. В. 
700 1 |a Мунасипова Д. А. 
700 1 |a Мещерякова С. А. 
856 4 |u https://e.lanbook.com/book/320654 
856 4 8 |u https://e.lanbook.com/img/cover/book/320654.jpg 
953 |a https://e.lanbook.com/img/cover/book/320654.jpg 
Cannot write session to /tmp/vufind_sessions/sess_89r7l2nus2pud8t38ef0pj38k4